| 000 | 01053cam a2200205 4500 | ||
|---|---|---|---|
| 001 | WB3824-02 | ||
| 008 | 020703n2002 000 0 eng u | ||
| 035 | _a(Sirsi) u118668 | ||
| 245 | _aHSE launches asbestos campaign | ||
| 260 | _c2002 | ||
| 490 |
_aRICS Building Surveying Faculty News _v2 July 2002, (1) |
||
| 520 | _aThe Health and Safety Executive (HSE) has a new duty to manage the risk from asbestos in premises, developed specifically to address the current major health problem. The HSEαs supporting campaign aims to promote awareness of the new legislation to a large, comprehensive consumer group. HSE absestos campaign at http://www.hse.gov.uk/asbestos/index.htm. http://www.rics.org/ricscms/bin/show?class=News&template=/includes/shownews.html&id=2990 | ||
| 590 | _aWB | ||
| 650 | _aCONTROL OF ASBESTOS AT WORK REGULATIONS 2002 | ||
| 650 | _aMANAGEMENT-HEALTH AND SAFETY-HAZARDOUS SUBSTANCES-ASBESTOS | ||
| 650 | _aHEALTH AND SAFETY EXECUTIVE | ||
| 650 | _aHSE | ||
| 690 | _aBUILT ENVIRONMENT-BUILDING STANDARDS | ||
| 942 | _n0 | ||
| 999 |
_c70669 _d70669 |
||